Ersin Alok (Record no. 7058)

MARC details
000 -BAŞLIK
Sabit Uzunlukta Kontrol Alanı 00653na a2200229 4500
001 - KONTROL NUMARASI
Denetim Alanı 21987
003 - KONTROL NUMARASI IDENTIFIER
Denetim Alanı MIRAKIL
005 - SON İŞLEM TARİHİ VE ZAMANI
Denetim Alanı 20181213155126.0
008 - SABİT-BOY VERİ ELEMANLARI - GENEL BİLGİLER
Sabit Uzunlukta Kontrol Alanı 170209b tu 000 0
020 ## - ULUSLARARASI STANDART KİTAP NUMARASI
Uluslararası Standart Kitap Numarası 9786056166563
040 ## - KATALOGLAMA KAYNAK
Orijinal Kataloglama Ajansı Milas
Kataloglama Dili tur
Metne Dönüştürmek Ajansı TR-AnCHP
041 ## - DİL KODU
Metin / Ses Parça Veya Ayrı Başlığın Dil Kodu tur
-- eng
082 ## - DEWEY ONLU SINIFLANDIRMA NUMARASI
Sınıflandırma Numarası 770.92
Ürün Numarası A46f 2016
090 ## - SINIFLAMA NUMARASI
Sınıflama Numarası 770.92 A46f 2016
100 ## - ANA GİRİŞ - KİŞİSEL İSİM
Kişisel Ad Alok, Ersin
245 ## - BAŞLIK TABLOSU
Başlık Ersin Alok
Sorumluluk Tablosu, Vb Ersin Alok
260 ## - YAYIN, DAĞITIM, VB
Yayın, Dağıtım, Vb Yeri İstanbul
Yayıncı, Dağıtıcı, Vs Adı Dr.Nejat Eczacıbaşı Vakfı yayınları
Yayın, Dağıtım, Vb Tarihi 2016
Üretici Firma pre-press
300 ## - FİZİKSEL TANIM
Kapsam 299 s.
Diğer Fiziksel Ayrıntıları fotg.
Boyutlar 25 sm.
490 ## - SERİSİ TABLOSU
Seri Beyanı Fotoğraf Sanatçıları Dizisi
Hacim / Ardışık Tanımı 7
650 ## - KONU KATMA GİRİŞ - TOPİKAL DÖNEM
Topikal Süreli Veya Coğrafi Ad Giriş Elemanı Fotoğraf sanatçıları
Genel Alt Bölümü Ersin Alok
942 ## - EKLENDİ GİRİŞ ELEMANLARI (KOHA)
Sınıflandırma Veya Raf Düzeni Kaynak Dewey Decimal Classification
Koha Öğesi Türü Books
999 ## - SİSTEM KONTROL NUMARALARI (KOHA)
Koha Biblionumber 7058
Koha Biblioitemnumber 7058
Holdings
Kalıcı Konum Mevcut Konum Edinme Tarihi Edinim Kaynak Toplam Check-Out'Lar Tam Çağrı Numarası Barkod Tarih Son Görülme İtibaren Geçerli Fiyatlar Koha Öğesi Türü
CHP Kütüphanesi CHP Kütüphanesi 02/09/2017 Bağış   770.92 A46f 2016 012367 02/09/2017 02/09/2017 Books